| 000 | 00463nam a2200169Ia 4500 | ||
|---|---|---|---|
| 008 | 131103s9999 xx 000 0 und d | ||
| 020 | _cRs.8 | ||
| 040 | _aLoreto College | ||
| 041 | _aEnglish | ||
| 082 |
_a370.954/REP _bLCBED/7876 |
||
| 245 | 4 | _aThe report of the University Education Commission | |
| 260 |
_aDelhi _bThe Manager of Publications _c1950 |
||
| 300 |
_aV.1 _c 22cm. |
||
| 650 | _aEducation - India | ||
| 850 | _aLCBED/370.954/REP | ||
| 942 | _cBK | ||
| 999 |
_c33293 _d83772 |
||